Chủ tịch Hồ Chí Minh với công tác ngoại giao

Tổng kết về lý luận và thực tiễn những bài học kinh nghiệm của Chủ tịch Hồ Chí Minh trong hoạt động ngoại giao qua các giai đoạn: Từ năm 1941đến ngày 2/9/1945, từ ngày 2/9/1945 đến ngày 19/12/1946, giai đoạn kháng chiến chống thực dân Pháp, giai...

詳細記述

保存先:
書誌詳細
第一著者: Vũ, Khoan
フォーマット: 図書
言語:Undetermined
出版事項: Hà Nội Chính trị Quốc gia 2010
主題:
タグ: タグ追加
タグなし, このレコードへの初めてのタグを付けませんか!
Thư viện lưu trữ: Trung tâm Học liệu Trường Đại học Cần Thơ
LEADER 01047nam a2200229Ia 4500
001 CTU_158711
008 210402s9999 xx 000 0 und d
020 |c 45000 
082 |a 324.597092 
082 |b Kh406 
100 |a Vũ, Khoan 
245 0 |a Chủ tịch Hồ Chí Minh với công tác ngoại giao 
245 0 |c Vũ Khoan (Chủ biên) 
260 |a Hà Nội 
260 |b Chính trị Quốc gia 
260 |c 2010 
520 |a Tổng kết về lý luận và thực tiễn những bài học kinh nghiệm của Chủ tịch Hồ Chí Minh trong hoạt động ngoại giao qua các giai đoạn: Từ năm 1941đến ngày 2/9/1945, từ ngày 2/9/1945 đến ngày 19/12/1946, giai đoạn kháng chiến chống thực dân Pháp, giai đoạn từ năm 1954-1964, từ 1965 đến cuối năm 1969. 
650 |a Commuinst 
650 |x Biography 
650 |z Vietnam 
904 |i Giang 
980 |a Trung tâm Học liệu Trường Đại học Cần Thơ